000 00953nam a22002537a 4500
003 dpl
005 20170501164745.0
008 170501b xxu||||| |||| 00| 0 eng d
010 _aENG-118005
020 _a9788188789962
_c750.00
035 _aEN-101537
037 _bDBAD/PUB
040 _cDPL
082 0 4 _a780.954
_223
100 1 _aPradhan, Aneesh,
245 1 0 _aHindustani music in colonial Bombay /
_cAneesh Pradhan.
250 _aFirst edition.
260 _aGurgaon
_bThree Essays Collective
_c2014
300 _axi, 348 pages, 36 unnumbered pages of plates :
_billustrations (black and white), maps (black and white) ;
_c22 cm.(Hb)
504 _aIncludes bibliographical references (pages 297-321) and index.
650 0 _aHindustani music
_zIndia
_zMumbai
_y19th century
_xHistory and criticism.
650 0 _aHindustani music
_zIndia
_zMumbai
_y20th century
_xHistory and criticism.
942 _2ddc
_cEN
_h780.954
_mPRA
999 _c139398
_d139398